000 00726nam a22002297a 4500
005 20170124105928.0
010 _aB-058585
020 _c00.00
_a8176293458
035 _aB-058585
037 _bCen Lib/Ret
040 _aDPL
_bEN
082 _a304.1323
245 _aCrime corruption and development /
_cedited by D.Narasimha Reddy
260 _aNew Delhi
_bDeep & Deep publications
_c2001
270 _aF-159,Rajouri garden
_bNew Delhi
_e110027
300 _axxii,266p.
_c19cm(Hb)
500 _aIncludes bibliographical reference and index
650 _aPolitical corruption
_95961
650 _aBusiness enterprises
_97637
700 _aReddy,D.Narasimha
_97636
942 _2ddc
_cEN
_h304.1323
_mCRI
999 _c123670
_d123670